<?xml version="1.0" encoding="UTF-8"?><?xml-stylesheet type="text/xsl" href="static/style.xsl"?><OAI-PMH xmlns="http://www.openarchives.org/OAI/2.0/" xmlns:xsi="http://www.w3.org/2001/XMLSchema-instance" xsi:schemaLocation="http://www.openarchives.org/OAI/2.0/ http://www.openarchives.org/OAI/2.0/OAI-PMH.xsd"><responseDate>2026-06-02T05:58:36Z</responseDate><request verb="GetRecord" identifier="oai:riubu.ubu.es:10259/8693" metadataPrefix="marc">https://riubu.ubu.es/oai/request</request><GetRecord><record><header><identifier>oai:riubu.ubu.es:10259/8693</identifier><datestamp>2024-02-17T01:05:22Z</datestamp><setSpec>com_10259_5786</setSpec><setSpec>com_10259_5086</setSpec><setSpec>com_10259_2604</setSpec><setSpec>col_10259_5787</setSpec></header><metadata><record xmlns="http://www.loc.gov/MARC21/slim" xmlns:doc="http://www.lyncode.com/xoai" xmlns:xsi="http://www.w3.org/2001/XMLSchema-instance" xmlns:dcterms="http://purl.org/dc/terms/" xsi:schemaLocation="http://www.loc.gov/MARC21/slim http://www.loc.gov/standards/marcxml/schema/MARC21slim.xsd">
<leader>00925njm 22002777a 4500</leader>
<datafield tag="042" ind1=" " ind2=" ">
<subfield code="a">dc</subfield>
</datafield>
<datafield tag="720" ind1=" " ind2=" ">
<subfield code="a">González Calvo, Gustavo</subfield>
<subfield code="e">author</subfield>
</datafield>
<datafield tag="720" ind1=" " ind2=" ">
<subfield code="a">Hernando Garijo, Alejandra</subfield>
<subfield code="e">author</subfield>
</datafield>
<datafield tag="720" ind1=" " ind2=" ">
<subfield code="a">Hortigüela Alcalá, David</subfield>
<subfield code="e">author</subfield>
</datafield>
<datafield tag="720" ind1=" " ind2=" ">
<subfield code="a">Pérez Pueyo, Ángel</subfield>
<subfield code="e">author</subfield>
</datafield>
<datafield tag="260" ind1=" " ind2=" ">
<subfield code="c">2020-09</subfield>
</datafield>
<datafield tag="520" ind1=" " ind2=" ">
<subfield code="a">We seek to describe some of the features and symptoms that define novice university teachers in their attempts to pursue a professional career at university. Presently, university culture revolves around the evaluation of professionals based on the quantity of work published in high-impact journals (“weight evaluations”).This situation not only has its effects at a personal level, but also on the quality of the education that teachers might wish to impart. Nine university teachers -five women and four men- with experience of between three and five years in different knowledge areas were interviewed to ascertain these symptoms. The results reflected the stress to which the new teachers are subjected, the implacable assessment programmes that are part and parcel of a professional university career, the distancing of good teaching in favour of demonstrable quality as an investigator and the possibility of suffering from teacher burnout syndrome no sooner than having commenced a professional career.</subfield>
</datafield>
<datafield tag="024" ind2=" " ind1="8">
<subfield code="a">1052-0147</subfield>
</datafield>
<datafield tag="024" ind2=" " ind1="8">
<subfield code="a">http://hdl.handle.net/10259/8693</subfield>
</datafield>
<datafield tag="024" ind2=" " ind1="8">
<subfield code="a">10.46743/2160-3715/2020.4253</subfield>
</datafield>
<datafield tag="024" ind2=" " ind1="8">
<subfield code="a">2160-3715</subfield>
</datafield>
<datafield ind1=" " ind2=" " tag="653">
<subfield code="a">Audit Culture</subfield>
</datafield>
<datafield ind1=" " ind2=" " tag="653">
<subfield code="a">Higher Education</subfield>
</datafield>
<datafield ind1=" " ind2=" " tag="653">
<subfield code="a">Narrative Analysis</subfield>
</datafield>
<datafield ind1=" " ind2=" " tag="653">
<subfield code="a">Qualitative Research</subfield>
</datafield>
<datafield ind1=" " ind2=" " tag="653">
<subfield code="a">University Accreditation</subfield>
</datafield>
<datafield ind1=" " ind2=" " tag="653">
<subfield code="a">Weight Assessment</subfield>
</datafield>
<datafield tag="245" ind1="0" ind2="0">
<subfield code="a">The Perverse Dynamics of University Career: A Narrative Analysis Based on the Personal and Professional Implications</subfield>
</datafield>
</record></metadata></record></GetRecord></OAI-PMH>